000 00401cam a2200145ua 4500
041 _aeng
_h
082 _a962.01
_bBEL/EG
100 _aBell, Idris H .
245 _aEgypt: From Alexander the great to the Arab conquest /
_cIdris H Bell.
_hTextual Documents
260 _aLondon :
_bOxford at the Clarendon Press ,
_c1956.
300 _a168 ; .
504 _a
942 _cBK
999 _c11379
_d11379